| 000 | 01139nac a22003491i 4500 | ||
|---|---|---|---|
| 003 | EG-ScBUE | ||
| 005 | 20230315131110.0 | ||
| 006 | a||||fq||h 00| 0 | ||
| 008 | 130117t2004 mau f b 001 0 eng d | ||
| 020 | _a1592003699 | ||
| 020 | _a082039503691 | ||
| 040 |
_aEG-ScBUE _beng _erda _cEG-ScBUE _dEG-ScBUE |
||
| 082 | 0 | 4 |
_a794.81 _bAST _222 |
| 100 | 1 |
_aAstle, Dave, _eauthor. _931894 |
|
| 245 | 1 | 0 |
_aBeginning openGL game programming / _cDave Astle, Kevin Hawkins. |
| 264 | 1 |
_aBoston : _bThomson, _c[2004] |
|
| 264 | 4 | _cc2004 | |
| 300 |
_a310 pages : _billustrations ; _c24 cm + _e1 CD |
||
| 336 |
_2rdacontent _atext _btxt |
||
| 336 |
_2rdacontent _asounds _bsnd |
||
| 337 |
_2rdamedia _aunmediated _bn |
||
| 337 |
_2rdamedia _aaudio _bs |
||
| 338 |
_2rdacarrier _avolume _bnc |
||
| 338 |
_2rdacarrier _acomputer disc _bcd |
||
| 504 | _aIncludes bibliographical references and index. | ||
| 650 | 7 |
_aComputer games _xProgramming. _2BUEsh _931895 |
|
| 650 | 7 |
_aComputer graphics. _2BUEsh _931896 |
|
| 653 | _bCOMSCI | ||
| 655 | _vReading book | ||
| 700 | 1 |
_aHawkins, Kevin, _eauthor. _931897 |
|
| 942 |
_cBB _k794.81 AST _2ddc |
||
| 999 |
_c698 _d698 |
||